000 00349nam a2200145Ia 4500
008 230917s9999||||xx |||||||||||||| ||und||
040 _e192167
_aMAIN
041 _aEnglish
082 _a294.5926 Y26D
100 _aYashvir Singh
245 0 _aDharmsanjeevani
260 _aNew Delhi
_bAbhishek Prakashan
_c2009
300 _a147 p.
942 _cBK
999 _c163067
_d163067